Planting the southern pines

Bibliographic Details
Main Author: WAKELEY
Format: Book
Published: Washington, D.C. : U.S. Department of Agriculture , 1954
Subjects:

MARC

LEADER 00000cam a2200000 7i4500
001 0000001562
005 20010802.0
090 0 0 |a 634.9751   |b WAK 1954 
100 1 0 |a WAKELEY   |h Philip C. 
245 1 0 |a Planting the southern pines   |c by Philip C. Wakeley 
260 0 0 |a Washington, D.C. :   |b U.S. Department of Agriculture ,   |c 1954 
300 |a 233 p. :   |b ill. ;   |c 27 cm. 
650 0 0 |a Pine 
998 |a JPSM 
999 |a 0000002815   |b Monograph   |c Open Shelf   |e Default branch